Football Quiz sur le PSG - Statistiques

Statistiques générales
  • Ce quiz a été pris 331 fois
  • Le résultat moyen est 10 sur 20
Statistiques - réponses
Question Réponse % Correct
Qui est le meilleur buteur de l'histoire du club ? Kylian Mbappé
93%
Qui est le joueur le plus capé de l'histoire du club ? Marquinhos
84%
Le plus gros transfert de l'histoire du club ? Neymar
83%
Qui est le meilleur passeur de l'histoire du club ? Di Maria
71%
En quelle année le PSG a été champion de France pour la première fois ? 1986
69%
Parmi ces noms, lequel est celui d'une tribune du Parc des Princes ? Borelli
63%
Lequel de ces records n'appartient pas au PSG ? Record du nombre de défaites de suite en ldc
56%
L'entraîneur en poste quand QSI est arrivé? Kombouaré
51%
Combien de buts a marqué Cavani au PSG ? 200
50%
Qui est le plus jeune capitaine de l'histoire du club ? Sakho
48%
Le PSG possède le record du nombre de demi-finales européennes à la suite, a combien s'élève-t-il ? 5
43%
Lors de ce même événement, quel but a été élu le plus beau de l'histoire du club ? Pauleta vs OM
42%
Combien de coupes de France a gagné le PSG ? 15
39%
Lequel de ces clubs le PSG n'a pas affronté lors de la ldc 2020 ? Istanbul Başakşehir
33%
Lequel de ces Parisiens n'a pas gagné la coupe du monde ? Coman
32%
Qui est le seul buteur lors de la finale PSG vs Wien ? Ngotty
31%
En quelle année le club a connu sa première demi-finale de ldc ? 1995
29%
Quelle est la dernière année où le PSG a réalisé le quadruplé national ? 2020
25%
Pour les 50 ans du club, quel match a été élu comme le plus beau de l'histoire du club ? PSG Real 1993
25%
Quel joueur a été le premier capitaine de l'histoire du club ? Jean Djorkaeff
24%
Aucun quiz correspondant
Distribution des résultats
% des personnes avec chaque résultat
Percentile par nombre de réponses
Votre historique - résultats
Vous n’avez pas pris ce quiz